000 00380 a2200157 4500
001 75506
020 _a9788598553429
040 _cAnchieta - Colégio São Paulo
100 _aCedraz, Antônio
240 1 0 _aDragão de fogo, Dragão de gelo
_lpor
245 1 0 _aDragão de fogo, Dragão de gelo
300 _a
362 0 _a2013
650 4 _aLiteratura infantil
942 _cBK
999 _c75506
_d75506